Países da África (Versão Click) - Statistics

Estatísticas Gerais
  • Esse quiz foi jogado 1 242 vezes
  • A pontuação média é 35 de 54
Respostas no mapa
Respostas codificadas por cores de uma escala verde-vermelha no mapa do quiz de acordo com a % correta abaixo.
 
Estatísticas das Respostas
Resposta % Correto
África do Sul
94%
Argélia
82%
Angola
81%
Egito
78%
Madagascar
75%
Cabo Verde
74%
Marrocos
73%
Botswana
69%
Somália
69%
Líbia
68%
Sudão
68%
Tunísia
68%
Benim
67%
Chade
67%
Lesoto
67%
Sudão do Sul
67%
Eritreia
66%
Etiópia
66%
Moçambique
66%
Níger
66%
República Centro-Africana
66%
Burkina Faso
65%
Camarões
65%
Djibouti
65%
Nigéria
65%
República Democrática do Congo
65%
São Tomé e Príncipe
65%
Costa do Marfim
64%
Eswatini
64%
Namíbia
64%
Mali
63%
Burundi
62%
Quênia
62%
Comores
61%
Guiné-Equatorial
61%
Mauritânia
61%
República do Congo
61%
Seychelles
61%
Tanzânia
61%
Malawi
60%
Togo
60%
Gabão
59%
Maurício
59%
Ruanda
59%
Uganda
59%
Zâmbia
59%
Gana
58%
Senegal
58%
Zimbábue
58%
Gâmbia
57%
Guiné-Bissau
57%
Serra Leoa
57%
Guiné
56%
Libéria
54%
Nenhum quiz correspondente encontrado
Distribuição das Pontuações
Porcentagem de Pessoas com Cada Pontuação
Percentil de Números Respondidos
Sua Pontuação Histórica
Você não jogou esse quiz